Dizionario della Letteratura Mondiale del 900 (Record no. 14150)

MARC details
000 -LEADER
fixed length control field 00551nam a2200217Ia 4500
003 - CONTROL NUMBER IDENTIFIER
control field IT-RoPau
005 - DATE AND TIME OF LATEST TRANSACTION
control field 20220918175457.0
008 - FIXED-LENGTH DATA ELEMENTS--GENERAL INFORMATION
fixed length control field 120407s9999 xx 000 0 und d
040 ## - CATALOGING SOURCE
Original cataloging agency IT-RoPAU
Transcribing agency IT-RoPau
040 ## - CATALOGING SOURCE
Transcribing agency IT-RoPAU
041 ## - LANGUAGE CODE
Language code of text/sound track or separate title ita
100 ## - MAIN ENTRY--PERSONAL NAME
Personal name Galati, Francesco Licinio
9 (RLIN) 33975
100 ## - MAIN ENTRY--PERSONAL NAME
Titles and words associated with a name a cura di
9 (RLIN) 23181
245 ## - TITLE STATEMENT
Title Dizionario della Letteratura Mondiale del 900
260 ## - PUBLICATION, DISTRIBUTION, ETC. (IMPRINT)
Date of publication, distribution, etc. 1980
Place of publication, distribution, etc. Roma
Name of publisher, distributor, etc. Edizioni Paoline
300 ## - PHYSICAL DESCRIPTION
Dimensions 22 cm
Extent 3422 p.
490 ## - SERIES STATEMENT
Series statement I dizionari, 8
490 ## - SERIES STATEMENT
Volume/sequential designation 3
942 ## - ADDED ENTRY ELEMENTS (KOHA)
Koha item type LIBRO
Source of classification or shelving scheme Dewey Decimal Classification
Holdings
Withdrawn status Lost status Source of classification or shelving scheme Damaged status Not for loan Home library Current library Date acquired Total Checkouts Full call number Date last seen Price effective from Koha item type Public note
    Dewey Decimal Classification Buone Condizioni Not For Loan PAULUS-BIBLIOTECA PAULUS-BIBLIOTECA 11/04/2012   EP 02C8 11/04/2012 11/04/2012 LIBRO Inserito da: Anna In data: 07 agosto 2011 fondo: Via A.Severo 56 Progr:6543
    Dewey Decimal Classification Buone Condizioni Not For Loan PAULUS-BIBLIOTECA PAULUS-BIBLIOTECA 29/09/2014   EP 02C8 29/09/2014 29/09/2014 LIBRO  
CREDITS: SOCIETA' SAN PAOLO Via A.Severo, 58 - ROMA (RM) & PERIODICI SAN PAOLO SRL Via Giotto, 36 MILANO & CISF Via Giotto, 36 MILANO & EDIZIONI SAN PAOLO SRL,  Piazza Soncino, 5 CINISELLO BALSAMO (MI) -- ITALY